000 00589nam a2200193 4500
999 _c168999
_d168999
005 20191101162902.0
010 _aENG-126794
020 _a9788188872473
_c695.00
035 _aEN-110326
037 _bDBAD/PUB
082 _a920
100 _aDube, Shruti
245 _aThe life and works of veer Savarkar /
_cby Shruti Dubey
260 _a Delhi
_bGarima Books
_c2019
270 _a6/40, Mohalla Maharam, Gali Aryasamj, Shahdhara
_e110032
300 _avi;241p.
_c22cm(Hb)
500 _aIncludes bibliographical references and index
942 _2ddc
_cEN
_h920
_mDUB